Statistics for Asian Countries with the Fewest Borders

Click here to take the quiz!

General Stats

  • This quiz has been taken 29,389 times
  • The average score is 9 of 12

Answer Stats

#Country% Correct
0Japan
94%
1South Korea
90%
0Sri Lanka
88%
0Singapore
84%
0Taiwan
84%
0Philippines
83%
1Brunei
74%
1East Timor
74%
0Maldives
73%
0Bahrain
68%
1Qatar
67%
0Cyprus
51%

Score Distribution

Percentile by Number Answered

Percent of People with Each Score

Your Score History

You have not taken this quiz